000 00451nam a2200157Ia 4500
003 LK-CoDNM
008 010623t1981 xxu||||| |||| 00| 1 eng d
040 _aLK-CoDNM
_dLK-CoDNM
_eLK-CoDNM
041 _aeng
080 _a301 SRI
245 _aThe First Asian Regional Workshop On Research Develpoment And Utilisation For The Prevention And Control Of Drug Abuse
260 _b
_c1981
300 _b182p.;24 cm cm
650 _aReport
942 _cBK
999 _c111551
_d111551